[Event "Mondiale Semilampo 2016"]
[Site "Doha QAT"]
[Date "2016.12.27"]
[Round "8.26"]
[White "Anton Guijarro, David"]
[Black "Leko, Peter"]
[Result "1/2-1/2"]
[WhiteTitle "GM"]
[BlackTitle "GM"]
[WhiteElo "2650"]
[BlackElo "2693"]
[WhiteFideId "2285525"]
[BlackFideId "703303"]
[EventDate "2016.12.26"]

1. Nf3 Nf6 2. b3 e6 3. Bb2 b6 4. g3 Bb7 5. Bg2 Be7 6. O-O O-O 7. c4 c5 8. e3 d5
9. d3 Nc6 10. Qe2 Qc8 11. Nc3 Rd8 12. Rac1 d4 13. exd4 Nxd4 14. Nxd4 cxd4 15.
Ne4 Nxe4 16. Bxe4 a5 17. a3 Qd7 18. h4 Bc5 19. h5 h6 20. Rb1 Qe7 21. Bxb7 Qxb7
22. Bc1 Qe7 23. Qb2 e5 24. Re1 Re8 25. b4 axb4 26. axb4 Bd6 27. b5 f5 28. Qe2
Qe6 29. Bb2 Bc5 30. Ra1 Rxa1 31. Rxa1 e4 32. Rd1 Qe5 33. Kg2 Re7 34. Bc1 Qe6 35.
Bb2 Qd7 36. Kg1 Re6 37. Bc1 Qe7 38. Kg2 Kh7 39. Bf4 Bd6 40. Bxd6 Rxd6 41. Qd2 e3
42. Qe2 Re6 43. Qf3 Qf6 44. Re1 Qg5 45. Qf4 Qxh5 46. Qxd4 e2 47. Qd5 Qg6 48. Qf3
Qg4 49. Qxg4 fxg4 50. f3 Re3 51. fxg4 Rxd3 52. Rxe2 Rd4 53. g5 hxg5 54. Re6 Rxc4
55. Rxb6 g4 1/2-1/2

[Event "Mondiale Semilampo 2016"]
[Site "Doha QAT"]
[Date "2016.12.27"]
[Round "8.27"]
[White "Amin, Bassem"]
[Black "Perez Ponsa, Federico"]
[Result "1/2-1/2"]
[WhiteTitle "GM"]
[BlackTitle "GM"]
[WhiteElo "2662"]
[BlackElo "2585"]
[WhiteFideId "10601457"]
[BlackFideId "117927"]
[EventDate "2016.12.26"]

1. e4 c6 2. d4 d5 3. exd5 cxd5 4. c4 Nf6 5. Nc3 e6 6. Nf3 Bb4 7. cxd5 Nxd5 8.
Bd2 O-O 9. Bd3 Nc6 10. O-O Be7 11. Re1 Bf6 12. Be3 Nxe3 13. fxe3 g6 14. Kh1 Bg7
15. Rc1 b6 16. Qa4 Bd7 17. Bb5 Nb8 18. Ne5 Bxb5 19. Nxb5 a6 20. Nc3 Ra7 21. Nc6
Nxc6 22. Qxc6 Rd7 23. Qa4 e5 24. d5 e4 25. Qxa6 Bxc3 26. Rxc3 Rxd5 27. Qa4 Qh4
28. Rf1 Rfd8 29. Qa7 Rf5 30. Rcc1 Rxf1+ 31. Rxf1 Qf2 32. Qa6 Qxe3 33. Qc4 Rf8
34. h3 Qd2 35. Qxe4 Qxb2 36. a4 Qb3 37. Rb1 Qc3 38. Qb4 Qxb4 39. Rxb4 Ra8 40.
Rxb6 Rxa4 41. g4 Ra2 42. Kg1 Kg7 43. Rb7 Rc2 44. Ra7 Rb2 45. Rc7 Ra2 46. Rb7 h5
47. gxh5 gxh5 48. Rb5 Kg6 49. Rc5 f6 50. Rb5 f5 51. Rb4 Re2 52. Ra4 Kf6 53. Rb4
Re4 54. Rb8 Kg5 55. Kg2 Ra4 56. Rg8+ Kf4 57. h4 Ra2+ 58. Kh3 Ra1 59. Kh2 Ke3 60.
Rg3+ Ke4 61. Rg5 f4 62. Rxh5 f3 63. Kg3 Ra2 64. Rh8 Rg2+ 65. Kh3 Rg7 66. Rf8 Ke3
67. h5 f2 68. Re8+ Kf3 69. Rf8+ Ke2 70. Re8+ Kf1 71. Rf8 Kg1 72. Kh4 Kg2 73. h6
Rg3 74. Rxf2+ Kxf2 75. h7 Rg1 76. Kh5 Rh1+ 77. Kg6 Rxh7 78. Kxh7 1/2-1/2

[Event "Mondiale Semilampo 2016"]
[Site "Doha QAT"]
[Date "2016.12.27"]
[Round "8.28"]
[White "Howell, David W L"]
[Black "Debashis, Das"]
[Result "1-0"]
[WhiteTitle "GM"]
[BlackTitle "GM"]
[WhiteElo "2644"]
[BlackElo "2472"]
[WhiteFideId "410608"]
[BlackFideId "5024854"]
[EventDate "2016.12.26"]

1. Nf3 Nf6 2. g3 d5 3. Bg2 e6 4. O-O Be7 5. c4 O-O 6. d4 dxc4 7. Qc2 a6 8. a4
Bd7 9. Qxc4 Bc6 10. Bg5 Bd5 11. Qc2 Be4 12. Qc1 Nc6 13. Rd1 h6 14. Bxf6 Bxf6 15.
Nbd2 Bg6 16. Nb3 Be7 17. Ne5 Nxe5 18. dxe5 Qc8 19. Nc5 Ra7 20. a5 Bh5 21. Rd2
Bg5 22. e3 Be7 23. Ra4 Rd8 24. Rxd8+ Bxd8 25. Rd4 Be7 26. Qd2 Bg6 27. h4 Kh7 28.
b4 b6 29. Rd7 bxc5 30. Rxe7 cxb4 31. Bc6 Qf8 32. Re8 Qc5 33. Qd8 Bf5 34. Rh8+
Kg6 35. Qg5+ 1-0

[Event "Mondiale Semilampo 2016"]
[Site "Doha QAT"]
[Date "2016.12.27"]
[Round "8.29"]
[White "Ghaem Maghami, Ehsan"]
[Black "Matlakov, Maxim"]
[Result "0-1"]
[WhiteTitle "GM"]
[BlackTitle "GM"]
[WhiteElo "2574"]
[BlackElo "2694"]
[WhiteFideId "12500739"]
[BlackFideId "4168003"]
[EventDate "2016.12.26"]

1. e4 e5 2. Nf3 Nc6 3. Bb5 a6 4. Ba4 Nf6 5. O-O Be7 6. Re1 b5 7. Bb3 d6 8. c3
O-O 9. h3 Nb8 10. d4 Nbd7 11. Nbd2 Bb7 12. Bc2 Re8 13. Nf1 Bf8 14. Ng3 g6 15. b3
Bg7 16. d5 Qb8 17. Be3 c6 18. c4 Rc8 19. Qd2 a5 20. Bd3 bxc4 21. bxc4 Nc5 22.
Bxc5 dxc5 23. Rab1 Ne8 24. dxc6 Rxc6 25. Nf1 Nd6 26. Ne3 Qd8 27. Nd5 Bc8 28. Qe3
Be6 29. Rec1 h6 30. a4 Kh7 31. Qe1 Rca6 32. Nd2 h5 33. Nf3 R6a7 34. Rc2 Rc8 35.
Qe3 Bh6 36. Qe2 Bg7 37. Qe3 Bxd5 38. cxd5 Rac7 39. Bb5 Rb8 40. Rb3 c4 41. Rbc3
Qf6 42. Qe2 Qf4 43. g3 Qf6 44. Kg2 Kg8 45. Nd2 Nxb5 46. axb5 Rxb5 47. Rxc4 Rxc4
48. Nxc4 Rc5 49. Na3 Bf8 50. Nb1 h4 51. Ra2 hxg3 52. fxg3 Rc1 53. Nd2 Qb6 54.
Nf3 Qc7 55. h4 a4 56. h5 a3 57. hxg6 fxg6 58. Qd3 Bd6 59. Rf2 Qc4 60. Qd2 Rb1
61. Ng5 Rb2 62. Qe1 Qd4 63. Rxb2 axb2 64. Kh3 0-1

[Event "Mondiale Semilampo 2016"]
[Site "Doha QAT"]
[Date "2016.12.27"]
[Round "8.30"]
[White "Tregubov, Pavel V."]
[Black "Moiseenko, Alexander"]
[Result "0-1"]
[WhiteTitle "GM"]
[BlackTitle "GM"]
[WhiteElo "2585"]
[BlackElo "2657"]
[WhiteFideId "4115341"]
[BlackFideId "14102560"]
[EventDate "2016.12.26"]

1. d4 Nf6 2. c4 e6 3. Nc3 Bb4 4. e3 b6 5. Ne2 Ne4 6. Qc2 Bb7 7. a3 Bxc3+ 8. Nxc3
Nxc3 9. Qxc3 O-O 10. b4 Qh4 11. Bb2 d6 12. d5 Qh6 13. Rd1 Nd7 14. Be2 Rae8 15.
O-O f5 16. dxe6 Rxe6 17. c5 Ne5 18. cxd6 cxd6 19. Qc7 Nf3+ 20. Bxf3 Bxf3 21. Qc4
d5 22. Rxd5 Qh3 0-1

[Event "Mondiale Semilampo 2016"]
[Site "Doha QAT"]
[Date "2016.12.27"]
[Round "8.31"]
[White "Volokitin, Andrei"]
[Black "Sanal, Vahap"]
[Result "1-0"]
[WhiteTitle "GM"]
[BlackTitle "GM"]
[WhiteElo "2649"]
[BlackElo "2474"]
[WhiteFideId "14107090"]
[BlackFideId "6300545"]
[EventDate "2016.12.26"]

1. e4 e5 2. Nf3 Nc6 3. Bc4 Nf6 4. d3 Bc5 5. O-O O-O 6. a4 a6 7. Re1 Re8 8. c3 d6
9. Bg5 h6 10. Bh4 Ba7 11. Nbd2 Be6 12. a5 Kh8 13. b4 g5 14. Bg3 Qe7 15. Bxe6
fxe6 16. Nc4 Qf7 17. d4 exd4 18. e5 d5 19. exf6 dxc4 20. cxd4 Rad8 21. Rc1 Bxd4
22. Qe2 c3 23. Nxd4 Rxd4 24. b5 Rd2 25. Qe3 axb5 26. a6 b4 27. axb7 Rd5 28. Ra1
c2 29. Ra8 Rd1 30. Bxc7 b3 31. Be5 Rg8 32. Bb2 Kh7 33. Ra1 Rxa1 34. Rxa1 Rd8 35.
Qxb3 Qg6 1-0

[Event "Mondiale Semilampo 2016"]
[Site "Doha QAT"]
[Date "2016.12.27"]
[Round "8.32"]
[White "Pichot, Alan"]
[Black "Banikas, Hristos"]
[Result "1-0"]
[WhiteTitle "GM"]
[BlackTitle "GM"]
[WhiteElo "2544"]
[BlackElo "2568"]
[WhiteFideId "110973"]
[BlackFideId "4202031"]
[EventDate "2016.12.26"]

1. e4 c5 2. Nf3 d6 3. d4 cxd4 4. Nxd4 Nf6 5. Nc3 a6 6. Qf3 g6 7. h3 Bg7 8. Be3
Bd7 9. O-O-O Nc6 10. e5 dxe5 11. Nxc6 bxc6 12. Bc4 O-O 13. Bc5 Re8 14. Rhe1 Qa5
15. Rxe5 e6 16. Bd4 Nd5 17. Ne4 f5 18. Nc3 Bxe5 19. Bxe5 Nb6 20. Bc7 Bc8 21.
Qxc6 Bb7 22. Qxb7 Qc5 23. Bxb6 Qxc4 24. Rd7 Qh4 25. Bd4 1-0

[Event "Mondiale Semilampo 2016"]
[Site "Doha QAT"]
[Date "2016.12.27"]
[Round "8.33"]
[White "Atabayev, Yusup"]
[Black "Bosiocic, Marin"]
[Result "1/2-1/2"]
[WhiteTitle "IM"]
[BlackTitle "GM"]
[WhiteElo "2473"]
[BlackElo "2591"]
[WhiteFideId "14001128"]
[BlackFideId "14507927"]
[EventDate "2016.12.26"]

1. d4 d5 2. Nc3 Nf6 3. Bf4 c6 4. e3 g6 5. Be2 Bg7 6. a3 Ne4 7. Nxe4 dxe4 8. h4
h6 9. f3 c5 10. c3 Qb6 11. Qd2 exf3 12. Nxf3 Nc6 13. b4 cxd4 14. cxd4 Bg4 15.
Rc1 Bxf3 16. gxf3 O-O 17. b5 e5 18. Bg3 Na5 19. Qd3 Rfd8 20. d5 h5 21. e4 Rac8
22. Rxc8 Rxc8 23. Bf2 Rc1+ 24. Bd1 Qd6 25. O-O Rc8 26. Be2 Bh6 27. Rb1 b6 28.
Kg2 Nb7 29. Rb3 Nc5 30. Qc2 g5 31. hxg5 Bxg5 32. f4 Bxf4 33. Bxh5 Rc7 34. Rc3
Qh6 35. Qe2 f6 36. d6 Rg7+ 37. Kf1 f5 38. exf5 Qxd6 39. Qc4+ Kh8 40. Bxc5 bxc5
41. Qxc5 Qf6 42. Rh3 Bh6 43. Bf3 Qg5 44. f6 Qxf6 45. Qc6 Rg6 46. Qxf6+ Rxf6 47.
Ke2 a6 48. a4 axb5 49. axb5 Rb6 50. Bc6 Kg7 51. Kd3 Bc1 52. Rh2 Kf6 53. Ke4 Ke6
54. Rh8 Bf4 55. Rd8 Ke7 56. Rg8 Kd6 57. Ra8 1/2-1/2

[Event "Mondiale Semilampo 2016"]
[Site "Doha QAT"]
[Date "2016.12.27"]
[Round "8.34"]
[White "Vallejo Pons, Francisco"]
[Black "Lalith, Babu M R"]
[Result "1-0"]
[WhiteTitle "GM"]
[BlackTitle "GM"]
[WhiteElo "2711"]
[BlackElo "2587"]
[WhiteFideId "2205530"]
[BlackFideId "5024595"]
[EventDate "2016.12.26"]

1. d4 Nf6 2. c4 e6 3. g3 d5 4. Bg2 Bb4+ 5. Bd2 Be7 6. Nf3 O-O 7. O-O Nbd7 8. Bc3
dxc4 9. a4 Nb6 10. Nbd2 Nfd5 11. Qc2 a5 12. Ne5 Nxc3 13. bxc3 c5 14. e3 Qc7 15.
Rfc1 Rb8 16. Rab1 cxd4 17. cxd4 Ba3 18. Rd1 Bb4 19. Rdc1 Bd7 20. Ndxc4 Nxa4 21.
Nxa5 Qxa5 22. Nxd7 Bd2 23. Nxf8 Bxc1 24. Qxh7+ Kxf8 25. Qh8+ Ke7 26. Qxb8 1-0

[Event "Mondiale Semilampo 2016"]
[Site "Doha QAT"]
[Date "2016.12.27"]
[Round "8.35"]
[White "Bindrich, Falko"]
[Black "Naiditsch, Arkadij"]
[Result "1-0"]
[WhiteTitle "GM"]
[BlackTitle "GM"]
[WhiteElo "2590"]
[BlackElo "2687"]
[WhiteFideId "4676670"]
[BlackFideId "4650891"]
[EventDate "2016.12.26"]

1. d4 Nf6 2. c4 g6 3. Nc3 Bg7 4. e4 d6 5. h3 O-O 6. Bg5 Nbd7 7. Bd3 a6 8. Nf3 c5
9. d5 b5 10. O-O bxc4 11. Bxc4 Nb6 12. Bd3 Nfd7 13. Qd2 a5 14. Bh6 Ba6 15. Bxg7
Kxg7 16. Bxa6 Rxa6 17. a4 Na8 18. Rfe1 f6 19. Nh2 Nc7 20. Ng4 Rb6 21. h4 Ne5 22.
Ne3 Qb8 23. Ncd1 Rb4 24. f4 Rd4 25. Qe2 Nd3 26. Rf1 e5 27. f5 Nf4 28. Qf3 Rd2
29. Kh1 Qb4 30. g3 Ne2 31. Nf2 Nd4 32. Qg4 Qb3 33. Ra3 Qxb2 34. Nc4 Rxf2 35.
Nxb2 Rxf1+ 36. Kg2 Rc1 37. fxg6 hxg6 38. h5 g5 39. Nd1 Kh6 40. Ne3 f5 41. exf5
Ne8 42. f6 Re1 43. Qe4 Re2+ 44. Kh3 Rxf6 45. Ng4+ Kg7 46. Nxf6 Rxe4 47. Nxe4 Nf6
48. Nxd6 1-0

[Event "Mondiale Semilampo 2016"]
[Site "Doha QAT"]
[Date "2016.12.27"]
[Round "8.36"]
[White "Hirneise, Jens"]
[Black "Najer, Evgeniy"]
[Result "0-1"]
[WhiteTitle "FM"]
[BlackTitle "GM"]
[WhiteElo "2315"]
[BlackElo "2679"]
[WhiteFideId "24614734"]
[BlackFideId "4118987"]
[EventDate "2016.12.26"]

1. e4 c5 2. Nf3 e6 3. Nc3 a6 4. d4 cxd4 5. Nxd4 b5 6. Bd3 Qb6 7. Nf3 Qc7 8. O-O
Bb7 9. Re1 Be7 10. e5 f5 11. Nh4 g6 12. Nf3 Nc6 13. Bf4 Nd8 14. a4 b4 15. Nb1
Nf7 16. h4 Ngh6 17. Nbd2 Ng4 18. Nc4 Bc5 19. Rf1 h6 20. Bg3 Rd8 21. h5 g5 22.
Bxf5 exf5 23. e6 Qxg3 24. exf7+ Kf8 25. Kh1 Bxf3 26. fxg3 Bxd1 27. Rxf5 d6 28.
c3 Bc2 29. Rf3 Be4 30. cxb4 Bxb4 31. Rb3 a5 0-1

[Event "Mondiale Semilampo 2016"]
[Site "Doha QAT"]
[Date "2016.12.27"]
[Round "8.37"]
[White "Ganguly, Surya Shekhar"]
[Black "Atabayev, Maksat"]
[Result "0-1"]
[WhiteTitle "GM"]
[BlackTitle "GM"]
[WhiteElo "2668"]
[BlackElo "2492"]
[WhiteFideId "5002150"]
[BlackFideId "14001101"]
[EventDate "2016.12.26"]

1. e4 c5 2. Nf3 Nc6 3. d4 cxd4 4. Nxd4 g6 5. c4 Bg7 6. Be3 Nf6 7. Nc3 O-O 8. Be2
d6 9. O-O Bd7 10. Nc2 Qa5 11. f3 Rfc8 12. Qd2 Be8 13. Rfc1 Nd7 14. Rab1 Bxc3 15.
bxc3 Qc7 16. Bh6 Nc5 17. Ne3 f6 18. Nd5 Qd8 19. Be3 b6 20. h4 e6 21. Nf4 Qe7 22.
Rd1 Rd8 23. Qe1 Rac8 24. Qg3 Ne5 25. h5 g5 26. h6 Kh8 27. Nh3 Bg6 28. Nxg5 fxg5
29. Bxg5 Qc7 30. Rd4 Nc6 31. Rd2 e5 32. Bxd8 Rxd8 33. Rbd1 Qe7 34. Bf1 Na5 35.
Rd5 Nab7 36. R5d2 Rf8 37. Qg4 Rf4 38. Qc8+ Qf8 39. Qxf8+ Rxf8 40. Be2 Rf6 41. g3
Bf7 42. Kg2 Rxh6 43. Rh1 Rf6 44. Rhd1 Kg7 45. a3 Kf8 46. Rh1 Bg6 47. Kh3 Kg7 48.
Bd1 Bf7 49. Bc2 Na5 50. f4 Nxc4 0-1

[Event "Mondiale Semilampo 2016"]
[Site "Doha QAT"]
[Date "2016.12.27"]
[Round "8.38"]
[White "Firouzja, Alireza"]
[Black "Adly, Ahmed"]
[Result "1/2-1/2"]
[WhiteTitle "IM"]
[BlackTitle "GM"]
[WhiteElo "2456"]
[BlackElo "2599"]
[WhiteFideId "12573981"]
[BlackFideId "10601619"]
[EventDate "2016.12.26"]

1. e4 c5 2. Nf3 d6 3. d4 cxd4 4. Nxd4 Nf6 5. Nc3 a6 6. h3 e5 7. Nde2 h5 8. g3
Be6 9. Bg2 Nbd7 10. a4 Be7 11. O-O Rc8 12. Be3 Nb6 13. b3 h4 14. a5 Na8 15. g4
O-O 16. Qd2 Nc7 17. Rfd1 Nh7 18. Na4 Bg5 19. Bxg5 Nxg5 20. Nb6 Rb8 21. Qxd6 Qxd6
22. Rxd6 Ne8 23. Rd3 Nf6 24. f3 Rfd8 25. Rad1 Rxd3 26. Rxd3 Kf8 27. c4 Ke8 28.
Kf2 Nd7 29. f4 Nc5 30. Re3 Nh7 31. f5 Bd7 32. Ng1 Ng5 33. b4 Na4 34. Nf3 Nxb6
35. axb6 Nxf3 36. Kxf3 Rc8 37. Bf1 g5 38. c5 Bc6 39. Bc4 Rd8 40. Bd5 Rc8 41.
Bxc6+ Rxc6 42. Rd3 Ke7 43. Ra3 Rc8 44. Ke3 f6 45. Rc3 Kd7 46. Kd3 Kc6 47. Kc4
Rd8 48. Rd3 Rxd3 49. Kxd3 Kb5 50. Kc3 a5 51. bxa5 Kxc5 52. a6 Kxb6 53. axb7 Kxb7
54. Kb3 Kc7 55. Kb4 Kb6 56. Kc4 Kc6 57. Kb4 Kb6 58. Kc4 Kc6 59. Kb4 1/2-1/2

[Event "Mondiale Semilampo 2016"]
[Site "Doha QAT"]
[Date "2016.12.27"]
[Round "8.39"]
[White "Grandelius, Nils"]
[Black "Maghsoodloo, Parham"]
[Result "1/2-1/2"]
[WhiteTitle "GM"]
[BlackTitle "GM"]
[WhiteElo "2643"]
[BlackElo "2584"]
[WhiteFideId "1710400"]
[BlackFideId "12539929"]
[EventDate "2016.12.26"]

1. e4 d6 2. d4 g6 3. Nf3 Bg7 4. Be2 c5 5. d5 Nf6 6. Nc3 O-O 7. O-O Na6 8. Bf4
Rb8 9. a4 Nh5 10. Be3 Nc7 11. Nd2 Nf6 12. Nc4 b6 13. Re1 Bd7 14. e5 dxe5 15. Bf3
e4 16. Bxe4 Nxe4 17. Nxe4 Bf5 18. Bf4 Rb7 19. d6 Ne6 20. Be5 Bxe4 21. Rxe4 Bxe5
22. Rxe5 exd6 23. Rd5 Nf4 24. Rxd6 Qg5 25. g3 Ne6 26. Qd5 Re7 27. Qxg5 Nxg5 28.
Ne3 Rfe8 29. Rad1 Nh3+ 30. Kg2 Nxf2 31. Kxf2 Rxe3 32. R1d2 Kg7 33. a5 bxa5 34.
Ra6 R3e7 35. Rxa5 c4 36. Rc5 Rb8 37. Rxc4 Rxb2 38. h4 h5 39. Ra4 Rb5 40. Re2
Rf5+ 41. Ke1 Rc7 42. Ra3 a5 43. Kd1 g5 44. hxg5 Kg6 45. Re4 Rxg5 46. Rea4 Rcc5
47. Rd4 Rg4 48. Rd6+ Kg5 49. Ra6 f5 50. Ke1 Re4+ 51. Kf1 Rxc2 52. R6xa5 Rb4 53.
Re5 Kg4 54. Re2 Rc1+ 55. Kg2 Rbb1 56. Ra4+ Kg5 57. Kh3 Rh1+ 58. Rh2 Rhe1 59. Ra3
Re4 60. Rf3 h4 61. Rhf2 Rb5 62. Rf4 hxg3 63. Kxg3 Re3+ 64. Kg2 Ree5 65. R4f3 Rb4
66. Rg3+ Kf6 67. Ra3 f4 68. Ra8 Rg5+ 69. Kf1 Rb1+ 70. Ke2 Re5+ 71. Kf3 Rb3+ 72.
Kxf4 Rf5+ 73. Kg4 Rxf2 74. Rf8+ Kg7 1/2-1/2

[Event "Mondiale Semilampo 2016"]
[Site "Doha QAT"]
[Date "2016.12.27"]
[Round "8.40"]
[White "Xu, Yi"]
[Black "Flores, Diego"]
[Result "1/2-1/2"]
[WhiteTitle "IM"]
[BlackTitle "GM"]
[WhiteElo "2430"]
[BlackElo "2579"]
[WhiteFideId "8605564"]
[BlackFideId "108049"]
[EventDate "2016.12.26"]

1. e4 c5 2. Nf3 e6 3. d4 cxd4 4. Nxd4 a6 5. c4 Nf6 6. Nc3 Qc7 7. a3 b6 8. Be3
Bb7 9. f3 Be7 10. Rc1 O-O 11. Be2 d6 12. O-O Nbd7 13. b4 Rac8 14. Qd2 Qb8 15.
Kh1 Rfe8 16. Rc2 h5 17. Bf2 h4 18. Rb1 h3 19. gxh3 Ne5 20. Na4 Nxe4 21. fxe4
Bxe4+ 22. Kg1 Bxc2 23. Nxc2 Rxc4 24. Nd4 b5 25. Bxc4 Nxc4 26. Qc3 Rc8 27. Nb2
Bf6 28. Nxc4 Rxc4 29. Qd2 Qc8 30. Ne2 d5 31. Qd3 Be5 32. Bg3 Qc7 33. Rf1 Bxg3
34. hxg3 Rc2 35. Qf3 e5 36. Qe3 f6 37. Re1 Qc4 38. Qf3 Rd2 39. Qh5 Qc6 40. Rc1
Rc2 41. Rxc2 Qxc2 42. Qe8+ Kh7 43. Qh5+ Kg8 44. Qe8+ Kh7 45. Kf2 d4 46. Qh5+ Kg8
47. Qe8+ Kh7 1/2-1/2

[Event "Mondiale Semilampo 2016"]
[Site "Doha QAT"]
[Date "2016.12.27"]
[Round "8.41"]
[White "Fressinet, Laurent"]
[Black "Darini, Pouria"]
[Result "1/2-1/2"]
[WhiteTitle "GM"]
[BlackTitle "GM"]
[WhiteElo "2672"]
[BlackElo "2511"]
[WhiteFideId "608742"]
[BlackFideId "12502200"]
[EventDate "2016.12.26"]

1. Nf3 Nf6 2. g3 g6 3. b3 Bg7 4. Bb2 O-O 5. Bg2 d6 6. d4 c6 7. O-O Bf5 8. Nbd2
Ne4 9. Nh4 Nxd2 10. Qxd2 Bg4 11. h3 Bd7 12. c4 a5 13. Rac1 Na6 14. Bc3 a4 15. b4
Nc7 16. a3 d5 17. c5 Re8 18. Kh2 Nb5 19. Bb2 e5 20. dxe5 Bxe5 21. Nf3 Bf6 22. e3
Bf5 23. Nd4 Bxd4 24. exd4 Qf6 25. Rce1 Qg7 26. g4 Bd7 27. Qf4 f6 28. Re3 Rxe3
29. fxe3 f5 30. gxf5 Bxf5 31. Qg3 Re8 32. Rf4 Bd3 33. h4 Rf8 34. Bh3 Qe7 35.
Rxf8+ Kxf8 36. Qf4+ Kg7 37. Qe5+ Qxe5+ 38. dxe5 Bf5 39. Bf1 Kf7 40. Be2 Ke6 41.
Bd1 Bd3 42. Bxa4 Nc7 43. Kg3 Kf5 44. Bd1 h5 45. Bf3 Ne6 46. a4 Bc2 47. a5 Bd3
48. Bc3 Nc7 49. Bg2 g5 50. hxg5 Kxg5 51. Bh3 h4+ 52. Kf2 Bf5 53. Bf1 Bg4 54. Be1
Bf5 55. Bd2 Kg6 56. Be2 Be6 57. Bf1 Bf5 58. Bg2 Kh5 59. Bf1 Kg6 60. Be2 Nb5 61.
Bd1 Nc7 62. Bc3 Bd3 63. Bg4 Bf5 64. Be2 Be6 65. Be1 Kg5 66. Bd2 Kg6 67. Kg2 Bf5
68. Kf3 Kh5 69. Kf2+ Kg6 70. Bf1 Kh5 71. Be2+ Kg6 72. Kg2 Be4+ 73. Kh2 Bf5 74.
Bc3 Be6 75. Bd4 Bf5 76. Bb2 Kg5 77. Bc1 Kg6 78. Bf3 Nb5 79. Bd2 Nc7 80. Be2 Be6
81. Be1 Kg5 82. Bd3 Kg4 83. Be2+ Kg5 1/2-1/2

[Event "Mondiale Semilampo 2016"]
[Site "Doha QAT"]
[Date "2016.12.27"]
[Round "8.42"]
[White "Halkias, Stelios"]
[Black "Kayumov, Sergey"]
[Result "1-0"]
[WhiteTitle "GM"]
[BlackTitle "GM"]
[WhiteElo "2585"]
[BlackElo "2505"]
[WhiteFideId "4201809"]
[BlackFideId "14200880"]
[EventDate "2016.12.26"]

1. e4 e5 2. Nf3 Nc6 3. Bb5 Nf6 4. d3 d6 5. O-O Be7 6. c3 O-O 7. Nbd2 a6 8. Ba4
b5 9. Bc2 Nb8 10. Re1 Nbd7 11. Nf1 c5 12. Ng3 g6 13. d4 Bb7 14. h3 Re8 15. Bg5
Qc7 16. d5 c4 17. Qd2 Kh8 18. Rf1 Ng8 19. Be3 Bf6 20. Kh1 Bg7 21. Ng5 Rf8 22. f4
h6 23. Nf3 exf4 24. Bxf4 Rae8 25. Rae1 Ne5 26. Ne2 Kh7 27. Ned4 Nf6 28. Nxe5
dxe5 29. Bh2 Qd8 30. Ne2 Nh5 31. Bg1 Qd6 32. Qe3 Rc8 33. Rf3 Kg8 34. Ref1 f5 35.
exf5 Bxd5 36. R3f2 Qc6 37. Kh2 g5 38. Ng3 Nxg3 39. Qxg3 e4 40. Rd2 Rce8 41. Bd4
e3 42. Bxe3 Rxe3 43. Qxe3 Re8 44. Qf2 Be5+ 45. Kh1 Bf4 46. Re2 Be3 47. Rxe3 Rxe3
48. Qxe3 Bxg2+ 49. Kg1 Bxf1 50. Be4 1-0

[Event "Mondiale Semilampo 2016"]
[Site "Doha QAT"]
[Date "2016.12.27"]
[Round "8.43"]
[White "Al-Sayed, Mohammed"]
[Black "Mareco, Sandro"]
[Result "0-1"]
[WhiteTitle "GM"]
[BlackTitle "GM"]
[WhiteElo "2508"]
[BlackElo "2635"]
[WhiteFideId "12100196"]
[BlackFideId "112275"]
[EventDate "2016.12.26"]

1. d4 Nf6 2. c4 e6 3. Nf3 Bb4+ 4. Nbd2 O-O 5. a3 Be7 6. e4 d6 7. Be2 Nbd7 8. O-O
c5 9. Qc2 cxd4 10. Nxd4 Qb6 11. Nb5 a6 12. Nc3 Qc7 13. b4 b6 14. Bb2 Bb7 15.
Rfe1 Rac8 16. Bf1 Rfe8 17. Qb3 Bf8 18. Rad1 Ne5 19. f3 g5 20. Kh1 h5 21. Ne2 Bh6
22. Qe3 Kh7 23. Nc1 Rg8 24. Nd3 Nfd7 25. Qf2 Bg7 26. Ba1 Rcf8 27. Rc1 Nxd3 28.
Bxd3 Bxa1 29. Rxa1 Ne5 30. Qe3 Rc8 31. Rad1 Qd8 32. Be2 Rg6 33. Qd4 Nc6 34. Qe3
Ne5 35. Rc1 Qc7 36. Nb3 Bc6 37. c5 dxc5 38. bxc5 b5 39. Red1 f5 40. exf5 exf5
41. Rd6 Re8 42. Qd2 g4 43. fxg4 hxg4 44. Bd3 Nxd3 45. Qxd3 Re5 46. Rf1 Qe7 47.
Kg1 Rxd6 48. cxd6 Qd7 49. Rc1 Kg6 50. Qc3 Qe8 51. Nd4 Bd7 52. Qg3 Re3 53. Qf2
Re4 54. Rf1 Qe5 55. Nc2 Qxd6 56. Kh1 Qe5 57. Qb6+ Be6 58. Qxa6 Re2 59. Qc6 Qd5
60. Qxd5 Bxd5 61. Ne1 Ra2 62. Kg1 Be4 63. Rf2 Rxa3 64. Rb2 Ra1 65. Kf2 Rb1 66.
Rxb1 Bxb1 67. Ke3 Kf6 68. Kd4 f4 69. Kc5 Ke5 70. h3 g3 71. Nf3+ Ke4 72. Nd2+ Ke3
73. Nxb1 f3 0-1

[Event "Mondiale Semilampo 2016"]
[Site "Doha QAT"]
[Date "2016.12.27"]
[Round "8.44"]
[White "Salinas Herrera, Pablo"]
[Black "Tari, Aryan"]
[Result "1-0"]
[WhiteTitle "IM"]
[BlackTitle "GM"]
[WhiteElo "2466"]
[BlackElo "2584"]
[WhiteFideId "3407128"]
[BlackFideId "1510045"]
[EventDate "2016.12.26"]

1. e4 e5 2. Nf3 Nc6 3. Bb5 a6 4. Ba4 Nf6 5. O-O Be7 6. d3 d6 7. c3 O-O 8. Re1
Re8 9. Nbd2 Bf8 10. Nf1 h6 11. Ng3 b5 12. Bc2 d5 13. a4 Bb7 14. Qe2 Qd7 15. h3
d4 16. Bd2 dxc3 17. bxc3 b4 18. Reb1 a5 19. Qe3 Ba6 20. Rd1 g6 21. Be1 Rad8 22.
Bb3 bxc3 23. Bxc3 Nd4 24. Bxd4 exd4 25. Qf4 Qd6 26. e5 Nd5 27. Qe4 Qd7 28. Nxd4
Bg7 29. Nf3 Kf8 30. Rac1 Nb4 31. d4 Qc8 32. d5 Bb7 33. Rc5 Qa8 34. Nf1 f5 35.
Qd4 Re7 36. Ne3 Nc6 37. Qh4 Nxe5 38. Nxe5 Rxe5 39. Rxc7 Rd6 40. Rxg7 1-0

[Event "Mondiale Semilampo 2016"]
[Site "Doha QAT"]
[Date "2016.12.27"]
[Round "8.45"]
[White "Potapov, Pavel"]
[Black "Shytaj, Luca"]
[Result "1/2-1/2"]
[WhiteTitle "GM"]
[BlackTitle "IM"]
[WhiteElo "2493"]
[BlackElo "2435"]
[WhiteFideId "4169786"]
[BlackFideId "812633"]
[EventDate "2016.12.26"]

1. e4 Nf6 2. e5 Nd5 3. c4 Nb6 4. c5 Nd5 5. Nc3 e6 6. Nxd5 exd5 7. d4 d6 8. cxd6
cxd6 9. Nf3 Nc6 10. Be2 dxe5 11. dxe5 Bb4+ 12. Bd2 Qa5 13. O-O Bxd2 14. Nxd2 O-O
15. Nb3 Qb6 16. Qxd5 Re8 17. Qb5 Rxe5 18. Qxb6 axb6 19. Bf3 Be6 20. Rfc1 g5 21.
Bxc6 bxc6 22. Nd4 Rxa2 23. Rxa2 Bxa2 24. Nxc6 Re2 25. b4 Rb2 26. h3 Kg7 27. Rd1
Be6 28. Rd8 Rc2 29. Nd4 Rc4 30. b5 Rb4 31. Rd6 Bc8 32. Rd8 Be6 33. Rd6 Bc8 34.
Rd8 1/2-1/2